[Event "GBR-ch106 Major Open"]
[Site "Torquay"]
[Date "2019.08.04"]
[Round "9.15"]
[White "Cocks, Elliot"]
[Black "Gardiner, Eric D"]
[Result "0-1"]
[WhiteElo "1907"]
[BlackElo "1957"]
[PlyCount "102"]
[EventDate "2019.07.27"]
[EventType "swiss"]
[EventRounds "9"]
[EventCountry "GBR"]

1. e4 e6 2. d4 d5 3. Nd2 Be7 4. Bd3 c5 5. dxc5 Nf6 6. exd5 exd5 7. Ngf3 O-O 8.
Nb3 Nbd7 9. O-O Nxc5 10. Nxc5 Bxc5 11. Bg5 Qb6 12. Rb1 Ne4 13. Bh4 Bf5 14. Nd2
Qh6 15. Nb3 Bb6 16. Bg3 Qg6 17. Nc1 Rfe8 18. Ne2 Nxg3 19. Nxg3 Bxd3 20. Qxd3
Qxd3 21. cxd3 g6 22. Rbc1 Rac8 23. Rfd1 Bd4 24. b3 Bb2 25. Rxc8 Rxc8 26. Nf1
Bd4 27. g3 Kg7 28. Kg2 Kf6 29. Kf3 h5 30. Rd2 Rc1 31. Ne3 Bxe3 32. Kxe3 Ke6 33.
Kd4 Rf1 34. f4 Rh1 35. Re2+ Kd6 36. Re5 Rxh2 37. Rxd5+ Ke6 38. Re5+ Kf6 39. a4
Rg2 40. Re3 Kf5 41. Kc3 Kg4 42. d4 Rxg3 43. Rxg3+ Kxg3 44. d5 h4 45. d6 h3 46.
d7 h2 47. d8=Q h1=Q 48. Qg5+ Kh2 49. Qh4+ Kg1 50. Qe1+ Kg2 51. Qe3 Qh3 0-1

[Event "GBR-ch106 Major Open"]
[Site "Torquay"]
[Date "2019.08.04"]
[Round "9.34"]
[White "Sheikh, Anum"]
[Black "Morgan, Jamie"]
[Result "1-0"]
[WhiteElo "1693"]
[BlackElo "1894"]
[PlyCount "53"]
[EventDate "2019.07.27"]
[EventType "swiss"]
[EventRounds "9"]
[EventCountry "GBR"]

1. e4 c5 2. Nf3 g6 3. d4 cxd4 4. Nxd4 Nc6 5. Nb3 Bg7 6. Nc3 Nf6 7. Be2 O-O 8.
O-O a5 9. a4 Nb4 10. Bg5 d5 11. Bxf6 Bxf6 12. exd5 Bf5 13. Qd2 Bxc2 14. Nd4
Bxd4 15. Qxd4 Bb3 16. Qe5 Nxd5 17. Bf3 Nxc3 18. Qxc3 Qb6 19. Ra3 Be6 20. Re1
Rac8 21. Qd2 Rfd8 22. Qe2 Qb4 23. Rc3 Rxc3 24. bxc3 Qxc3 25. Bxb7 Rd2 26. Qf3
Ra2 27. Qxc3 1-0

[Event "GBR-ch106 Senior Over 50"]
[Site "Torquay"]
[Date "2019.07.29"]
[Round "1.1"]
[White "Chapman, Terry PD"]
[Black "Nunn, Petra"]
[Result "1/2-1/2"]
[WhiteElo "2246"]
[BlackElo "1998"]
[PlyCount "53"]
[EventDate "2019.07.29"]
[EventType "swiss"]
[EventRounds "7"]
[EventCountry "GBR"]

1. Nf3 d5 2. d4 Nf6 3. c4 e6 4. g3 Bb4+ 5. Bd2 Bd6 6. Nc3 c6 7. Qc2 O-O 8. e4
dxe4 9. Nxe4 Nxe4 10. Qxe4 Nd7 11. Bg2 Re8 12. O-O e5 13. Qc2 exd4 14. Nxd4 Be5
15. Nf3 Bf6 16. Rad1 Qb6 17. Rfe1 Rd8 18. Bg5 Bxg5 19. Nxg5 Nf6 20. Re7 Rxd1+
21. Qxd1 Bg4 22. Qb3 Rd8 23. Qxb6 Rd1+ 24. Bf1 axb6 25. h3 Rd7 26. Re3 Bf5 27.
Rf3 1/2-1/2

[Event "GBR-ch106 Senior Over 50"]
[Site "Torquay"]
[Date "2019.07.29"]
[Round "1.2"]
[White "Norinkeviciute, Rasa"]
[Black "Townsend, M Paul"]
[Result "1/2-1/2"]
[WhiteElo "1996"]
[BlackElo "2233"]
[PlyCount "137"]
[EventDate "2019.07.29"]
[EventType "swiss"]
[EventRounds "7"]
[EventCountry "GBR"]

1. c4 e6 2. g3 d5 3. Nf3 Nf6 4. Bg2 Be7 5. O-O O-O 6. b3 c5 7. cxd5 exd5 8. d4
Nc6 9. Bb2 Ne4 10. dxc5 Bxc5 11. Nc3 Nxc3 12. Bxc3 d4 13. Bb2 Bg4 14. Qc2 Qe7
15. a3 a6 16. b4 Bb6 17. Rfe1 Rfe8 18. Rad1 Rad8 19. Qb3 h6 20. Rd2 Rd6 21. h3
Be6 22. Qd1 Red8 23. Qa1 Bc4 24. Bf1 Qe4 25. Bg2 Qe6 26. Bf1 Ba7 27. Red1 Bb3
28. Rc1 b5 29. Ne1 Ne5 30. Qb1 Nc4 31. Rd3 Nxb2 32. Qxb2 Bc4 33. Rd2 h5 34. Nf3
Rd5 35. Rcd1 Qd6 36. Kg2 Qb6 37. Qc2 R5d6 38. Kh2 Qc6 39. Bg2 Qe8 40. Ng5 Rg6
41. h4 Qe7 42. Be4 Rh6 43. Bg2 Bb6 44. Qf5 Qf6 45. Qxf6 Rxf6 46. Bf3 g6 47. Kg2
Rfd6 48. Ne4 Re6 49. Ng5 Re7 50. Nh3 Rc8 51. Rc1 Rec7 52. Rdc2 Bxe2 53. Rxc7
Bxf3+ 54. Kxf3 Rxc7 55. Rxc7 Bxc7 56. Ke4 Bb6 57. Nf4 a5 58. Kd5 Kg7 59. Kc6
axb4 60. axb4 Bd8 61. Kxb5 Kf6 62. Kc4 Ke5 63. f3 Bb6 64. Nd3+ Kf5 65. Nc5 Bc7
66. Ne4 Ke5 67. Nc5 Kf5 68. Ne4 Ke5 69. Nc5 1/2-1/2

[Event "GBR-ch106 Senior Over 50"]
[Site "Torquay"]
[Date "2019.07.29"]
[Round "1.3"]
[White "Granat, Russell G"]
[Black "Kirby, Peter J"]
[Result "1/2-1/2"]
[WhiteElo "2219"]
[BlackElo "1988"]
[PlyCount "164"]
[EventDate "2019.07.29"]
[EventType "swiss"]
[EventRounds "7"]
[EventCountry "GBR"]

1. e4 c5 2. Nf3 e6 3. d4 cxd4 4. Nxd4 Nc6 5. Be3 Nf6 6. Nd2 d5 7. exd5 Nxd5 8.
Nxc6 bxc6 9. Nc4 Be7 10. Bd2 Bd7 11. Bd3 Qc7 12. O-O O-O 13. Re1 Bf6 14. Qf3
Rac8 15. Rab1 c5 16. Be4 Bc6 17. a3 Ba8 18. b3 Rfe8 19. Rbd1 Bd4 20. Ba5 Qb8
21. Qg3 Qxg3 22. hxg3 Bc3 23. Bxc3 Nxc3 24. Bxa8 Nxd1 25. Bf3 Nc3 26. Nd6 Kf8
27. Re3 Nd5 28. Rd3 Rcd8 29. Nxe8 Kxe8 30. Kf1 Ke7 31. Ke2 Rd6 32. c4 Nb6 33.
Bb7 a5 34. Ba6 Nd7 35. Bb5 Nb6 36. Re3 f6 37. Rc3 Rd4 38. Rd3 Rd6 39. Kd2 e5
40. Kc3 Ke6 41. Rxd6+ Kxd6 42. Be8 g6 43. b4 axb4+ 44. axb4 Nc8 45. Bf7 Ke7 46.
Bg8 h6 47. bxc5 Na7 48. Bd5 Kd7 49. Bf7 g5 50. g4 Nc6 51. Bd5 Nd4 52. Kd3 Nb3
53. Ke4 Nxc5+ 54. Kf5 Ke7 55. Kg6 Nd3 56. f3 Nc5 57. Kxh6 Nd3 58. Kg6 Nc5 59.
Kf5 Nd7 60. Be6 Nc5 61. Bg8 Nd7 62. Ke4 Kd6 63. Kd3 Nb6 64. Ke4 Nd7 65. Bf7
Nc5+ 66. Kf5 Ke7 67. Bg8 Nd7 68. Be6 Nc5 69. Bc8 Kf7 70. g3 Ke7 71. Kg6 Nd3 72.
Bb7 Nc5 73. Bd5 Nd7 74. Kf5 Nc5 75. f4 exf4 76. gxf4 gxf4 77. Kxf4 Nd3+ 78. Ke3
Nc5 79. Kd4 Kd6 80. Bg8 Nd7 81. Ke4 Nc5+ 82. Kf5 Ke7 1/2-1/2

[Event "GBR-ch106 Senior Over 50"]
[Site "Torquay"]
[Date "2019.07.29"]
[Round "1.4"]
[White "Webster, Richard J"]
[Black "Josse, Mark"]
[Result "0-1"]
[WhiteElo "1967"]
[BlackElo "2209"]
[PlyCount "42"]
[EventDate "2019.07.29"]
[EventType "swiss"]
[EventRounds "7"]
[EventCountry "GBR"]

1. d4 Nf6 2. c4 c5 3. d5 e5 4. Nc3 d6 5. e4 Nbd7 6. Nge2 a6 7. Qc2 Be7 8. Bd2
Rb8 9. Nc1 h5 10. a3 h4 11. Be2 Nh5 12. Nd3 Bg5 13. Bxh5 Bxd2+ 14. Qxd2 Rxh5
15. O-O-O b5 16. f4 bxc4 17. Nf2 exf4 18. Qxf4 Ne5 19. Rhf1 Bd7 20. Rd2 Rb3 21.
g3 hxg3 0-1

[Event "GBR-ch106 Senior Over 50"]
[Site "Torquay"]
[Date "2019.07.29"]
[Round "1.5"]
[White "Brooks, Phil J"]
[Black "Clark, Ian C"]
[Result "1/2-1/2"]
[WhiteElo "2193"]
[BlackElo "1965"]
[PlyCount "64"]
[EventDate "2019.07.29"]
[EventType "swiss"]
[EventRounds "7"]
[EventCountry "GBR"]

1. d4 Nf6 2. Bg5 d5 3. Nd2 Bf5 4. e3 Nbd7 5. Ngf3 e6 6. Be2 Be7 7. c3 O-O 8. h3
Ne4 9. Bxe7 Qxe7 10. Nxe4 Bxe4 11. O-O a6 12. Nd2 Bg6 13. f4 Nf6 14. Qb3 b6 15.
Rac1 Rfb8 16. c4 Ne4 17. Nxe4 Bxe4 18. Qc3 c5 19. Bf3 Bxf3 20. Rxf3 dxc4 21.
Qxc4 cxd4 22. Qxd4 b5 23. Rf2 Rd8 24. Qb6 Qd6 25. Qxd6 Rxd6 26. Re2 Rad8 27.
Kf2 g6 28. Rc7 Rd2 29. Rc6 R8d6 30. Rxd6 Rxd6 31. Rc2 Kf8 32. Ke2 Ke7 1/2-1/2

[Event "GBR-ch106 Senior Over 50"]
[Site "Torquay"]
[Date "2019.07.29"]
[Round "1.6"]
[White "Simons, Martin J"]
[Black "Hansen, Hans-Peter"]
[Result "1/2-1/2"]
[WhiteElo "1950"]
[BlackElo "2170"]
[PlyCount "55"]
[EventDate "2019.07.29"]
[EventType "swiss"]
[EventRounds "7"]
[EventCountry "GBR"]

1. d4 Nf6 2. Nc3 d5 3. Bf4 c5 4. e3 cxd4 5. exd4 a6 6. Nf3 Bg4 7. h3 Bxf3 8.
Qxf3 Nc6 9. O-O-O e6 10. g4 Bd6 11. h4 Bxf4+ 12. Qxf4 Qb8 13. Qf3 Qd6 14. g5
Nd7 15. h5 f5 16. gxf6 O-O 17. Qg3 Qxg3 18. fxg3 Nxf6 19. Be2 Rae8 20. Bf3 Nd7
21. Rhf1 Rf6 22. Ne2 Ref8 23. Nf4 g5 24. hxg6 hxg6 25. Bg2 g5 26. Nxe6 Rxe6 27.
Bxd5 Nd8 28. Rxf8+ 1/2-1/2

[Event "GBR-ch106 Senior Over 50"]
[Site "Torquay"]
[Date "2019.07.29"]
[Round "1.7"]
[White "Jackson, Oliver A"]
[Black "McMahon, Paul"]
[Result "1/2-1/2"]
[WhiteElo "2151"]
[BlackElo "1931"]
[PlyCount "63"]
[EventDate "2019.07.29"]
[EventType "swiss"]
[EventRounds "7"]
[EventCountry "GBR"]

1. e4 d5 2. exd5 Qxd5 3. Nc3 Qd6 4. d4 Nf6 5. Nf3 a6 6. Ne5 Nc6 7. Nxc6 Qxc6 8.
Be2 e6 9. O-O Bd7 10. Bf4 Bd6 11. Bf3 Nd5 12. Bxd6 Qxd6 13. Ne4 Qb6 14. c4 Ne7
15. Re1 Rd8 16. c5 Qxb2 17. Rb1 Qxa2 18. Nc3 Qa5 19. Qc2 Bc6 20. Ra1 Qb4 21.
Bxc6+ Nxc6 22. d5 Qxc5 23. dxc6 Qxc6 24. Re3 O-O 25. Rh3 f5 26. Re1 Rf6 27.
Rhe3 Rg6 28. f3 Qc5 29. Kh1 Qc4 30. Qe2 Qxe2 31. Nxe2 Rd6 32. Nf4 1/2-1/2

[Event "GBR-ch106 Senior Over 50"]
[Site "Torquay"]
[Date "2019.07.29"]
[Round "1.8"]
[White "Gibbs, Dominic V"]
[Black "Willmoth, Robert F"]
[Result "0-1"]
[WhiteElo "1918"]
[BlackElo "2138"]
[PlyCount "80"]
[EventDate "2019.07.29"]
[EventType "swiss"]
[EventRounds "7"]
[EventCountry "GBR"]

1. c4 e5 2. g3 Nc6 3. Bg2 g6 4. Nc3 Bg7 5. e4 Nge7 6. Nge2 f5 7. d3 O-O 8. O-O
d6 9. Nd5 h6 10. Be3 Kh7 11. Rb1 Nd4 12. Nxe7 Nxe2+ 13. Qxe2 Qxe7 14. exf5 gxf5
15. Qd2 c6 16. f4 Be6 17. Qb4 Qc7 18. c5 dxc5 19. Bxc5 Rfd8 20. fxe5 Bxe5 21.
d4 Bf6 22. Rbd1 Qd7 23. g4 b6 24. gxf5 Bd5 25. Be7 Rg8 26. Rf2 Bxg2 27. Rxg2
Rxg2+ 28. Kxg2 Rg8+ 29. Kf3 Qxf5+ 30. Ke3 c5 31. dxc5 Bxe7 32. Qe4 Qxe4+ 33.
Kxe4 Bxc5 34. Kf3 Rf8+ 35. Kg4 Rf2 36. Rb1 Rxh2 37. a4 a5 38. b3 Kg6 39. Rd1
h5+ 40. Kg3 Re2 0-1

[Event "GBR-ch106 Senior Over 50"]
[Site "Torquay"]
[Date "2019.07.29"]
[Round "1.9"]
[White "Headlong, Timothy"]
[Black "Mashayekh, Majid"]
[Result "1/2-1/2"]
[WhiteElo "2109"]
[BlackElo "1909"]
[PlyCount "84"]
[EventDate "2019.07.29"]
[EventType "swiss"]
[EventRounds "7"]
[EventCountry "GBR"]

1. Nf3 Nf6 2. c4 e6 3. g3 b6 4. Bg2 Bb7 5. O-O Be7 6. Nc3 O-O 7. Re1 d6 8. e4
Nbd7 9. d4 e5 10. d5 Ne8 11. Qc2 a5 12. a3 Nc5 13. Be3 g6 14. b4 axb4 15. axb4
Nd7 16. Ra2 Ng7 17. Rea1 Rxa2 18. Qxa2 f5 19. Qa7 Qb8 20. Bg5 Nf6 21. Bh6 Qxa7
22. Rxa7 Rb8 23. Bxg7 Kxg7 24. Ng5 Ne8 25. Ne6+ Kf6 26. b5 Kf7 27. Bh3 fxe4 28.
Nxe4 Bc8 29. N6g5+ Kg7 30. Bxc8 Rxc8 31. Kg2 h6 32. Ne6+ Kf7 33. g4 g5 34. Kf3
Kg6 35. h3 Kf7 36. Kg3 Kg6 37. f3 Kf7 38. h4 Kg6 39. h5+ Kf7 40. Kf2 Kg8 41.
Ke3 Kf7 42. Kd3 Kg8 1/2-1/2

[Event "GBR-ch106 Senior Over 50"]
[Site "Torquay"]
[Date "2019.07.29"]
[Round "1.10"]
[White "Gostelow, David W"]
[Black "Goater, Kevin P"]
[Result "1-0"]
[WhiteElo "1906"]
[BlackElo "2089"]
[PlyCount "77"]
[EventDate "2019.07.29"]
[EventType "swiss"]
[EventRounds "7"]
[EventCountry "GBR"]

1. d4 g6 2. Bf4 Bg7 3. Nc3 d6 4. e4 e6 5. Qd2 a6 6. Nf3 h6 7. a4 b6 8. Bc4 Ne7
9. O-O Nd7 10. Rad1 Bb7 11. h4 Nf6 12. Rfe1 Qd7 13. b4 Nh5 14. Be3 Rd8 15. Qe2
Qc8 16. e5 Qa8 17. d5 dxe5 18. dxe6 f5 19. Rxd8+ Qxd8 20. Rd1 Qc8 21. Bc1 e4
22. Nd4 O-O 23. b5 a5 24. Qe1 Kh7 25. Ba3 Re8 26. Qd2 Bf6 27. Bc1 g5 28. hxg5
hxg5 29. Qe2 Ng7 30. f3 exf3 31. gxf3 Bxd4+ 32. Rxd4 Ng6 33. Rd7 Nh4 34. Bd5
Kg6 35. Qe5 Nh5 36. Kf2 Qb8 37. e7 Bc8 38. Rd8 Ng7 39. Bb2 1-0

[Event "GBR-ch106 Senior Over 50"]
[Site "Torquay"]
[Date "2019.07.29"]
[Round "1.11"]
[White "O'Neill, Paul A"]
[Black "Spanton, Tim R"]
[Result "0-1"]
[WhiteElo "2086"]
[BlackElo "1900"]
[PlyCount "56"]
[EventDate "2019.07.29"]
[EventType "swiss"]
[EventRounds "7"]
[EventCountry "GBR"]

1. d4 d5 2. Bf4 e6 3. e3 Bd6 4. Bg3 Nf6 5. Nd2 O-O 6. Bd3 Nc6 7. Ngf3 Re8 8.
Ne5 Ne7 9. c3 Nf5 10. Bf4 Nh4 11. g3 Ng2+ 12. Kf1 Nxf4 13. gxf4 c5 14. Rg1 cxd4
15. cxd4 Bd7 16. Ndf3 Ne4 17. Nxd7 Qxd7 18. Ne5 Qe7 19. f3 Nf6 20. Kg2 Nh5 21.
Qd2 f5 22. Rac1 Rec8 23. Rc2 Bxe5 24. dxe5 Rxc2 25. Qxc2 d4 26. exd4 Nxf4+ 27.
Kh1 Qd7 28. Rc1 Qxd4 0-1

[Event "GBR-ch106 Senior Over 50"]
[Site "Torquay"]
[Date "2019.07.29"]
[Round "1.12"]
[White "Kennedy, Craig"]
[Black "Mason, Donald J"]
[Result "1/2-1/2"]
[WhiteElo "1883"]
[BlackElo "2079"]
[PlyCount "58"]
[EventDate "2019.07.29"]
[EventType "swiss"]
[EventRounds "7"]
[EventCountry "GBR"]

1. e4 e6 2. f4 d5 3. e5 c5 4. Nf3 Nc6 5. Be2 Nh6 6. O-O Be7 7. c3 O-O 8. Na3 f6
9. Nc2 d4 10. d3 Qc7 11. cxd4 cxd4 12. exf6 Bxf6 13. Bd2 Bd7 14. Rc1 Qb6 15. b4
Nf5 16. Kh1 Rad8 17. a4 Ne3 18. Bxe3 dxe3 19. a5 Qb5 20. d4 Qf5 21. g3 Be8 22.
Bd3 Qh3 23. Be4 e5 24. fxe5 Nxe5 25. Nxe5 Bxe5 26. Rxf8+ Kxf8 27. Qf3+ Bf6 28.
Bxb7 Bh5 29. Qg2 Qxg2+ 1/2-1/2

[Event "GBR-ch106 Senior Over 50"]
[Site "Torquay"]
[Date "2019.07.29"]
[Round "1.13"]
[White "Jackson, Sheila"]
[Black "Rowan, Paul"]
[Result "1/2-1/2"]
[WhiteElo "2063"]
[BlackElo "1873"]
[PlyCount "161"]
[EventDate "2019.07.29"]
[EventType "swiss"]
[EventRounds "7"]
[EventCountry "GBR"]

1. e4 c5 2. Nf3 e6 3. d4 cxd4 4. Nxd4 Nc6 5. Nc3 Qc7 6. Be2 Nf6 7. O-O a6 8.
Be3 b5 9. Nxc6 dxc6 10. Bf3 Bd6 11. h3 Bb7 12. Qe2 Nd7 13. g3 Ne5 14. Bg2 Nc4
15. Bc1 Be5 16. Nd1 O-O 17. f4 Bd4+ 18. Kh2 g6 19. e5 Rfe8 20. c3 Bc5 21. Nf2
Be7 22. b3 Nb6 23. c4 Nd7 24. Bb2 bxc4 25. bxc4 a5 26. Rfd1 c5 27. Bxb7 Qxb7
28. Ne4 Red8 29. Bc3 Qc7 30. Rd2 Nf8 31. Rad1 Rxd2 32. Rxd2 a4 33. Nd6 Qc6 34.
Qe4 Qxe4 35. Nxe4 Rb8 36. Rb2 Rxb2+ 37. Bxb2 Nd7 38. Ba3 Kf8 39. Kg2 h5 40. h4
Ke8 41. Kf3 Kd8 42. Ke3 Kc7 43. Kd3 Kc6 44. Nc3 Nb6 45. Ne4 Nd7 46. Bb2 Nb8 47.
Nc3 Na6 48. a3 Kb6 49. Nxa4+ Ka5 50. Nc3 Nc7 51. Kc2 Ne8 52. Kb3 Ng7 53. Ne4
Nf5 54. Bc3+ Kb6 55. Kc2 Kc6 56. Kd3 Kb6 57. Be1 Nd4 58. Bf2 Nc6 59. Be3 Nd8
60. Bf2 Nc6 61. Nc3 Nd8 62. Na4+ Kc6 63. Ke4 Nb7 64. Be1 Bd8 65. Kf3 Be7 66. g4
hxg4+ 67. Kxg4 f6 68. exf6 Bxf6 69. Bc3 Be7 70. Be5 Nd8 71. h5 gxh5+ 72. Kxh5
Nb7 73. Kg6 Bh4 74. Kf7 Nd8+ 75. Ke8 Nb7 76. Nb2 Bd8 77. Kf7 Kd7 78. Nd3 Bb6
79. Kg6 Na5 80. Nb2 Nc6 81. Nd3 1/2-1/2

[Event "GBR-ch106 Senior Over 50"]
[Site "Torquay"]
[Date "2019.07.29"]
[Round "1.14"]
[White "Fallowfield, Nicholas"]
[Black "Brusey, Alan W"]
[Result "1-0"]
[WhiteElo "1872"]
[BlackElo "2054"]
[PlyCount "81"]
[EventDate "2019.07.29"]
[EventType "swiss"]
[EventRounds "7"]
[EventCountry "GBR"]

1. Nf3 d5 2. c4 c6 3. g3 Nf6 4. Bg2 Bf5 5. cxd5 cxd5 6. Qb3 Qb6 7. Qxb6 axb6 8.
Nc3 e6 9. Nb5 Na6 10. O-O Be7 11. d3 O-O 12. Bf4 Rfd8 13. Rfc1 Ne8 14. h3 h6
15. g4 Bh7 16. h4 Nb4 17. Bc7 Nxc7 18. Rxc7 Bf6 19. d4 Ra5 20. a4 Be4 21. g5
Bxf3 22. Bxf3 hxg5 23. hxg5 Bxg5 24. Rxb7 Rda8 25. Nd6 Nc2 26. Rd1 Rxa4 27.
Nxf7 Bf6 28. e3 Ra1 29. Rxa1 Rxa1+ 30. Kh2 b5 31. Nd6 Ra6 32. Nxb5 Bh4 33. Nc7
Ra1 34. Nxe6 Rf1 35. Bxd5 Rxf2+ 36. Kh3 Bf6 37. Ng5+ Kf8 38. Rf7+ Ke8 39. Bc6+
Kd8 40. Ne6+ Kc8 41. Rf8+ 1-0

[Event "GBR-ch106 Senior Over 50"]
[Site "Torquay"]
[Date "2019.07.29"]
[Round "1.15"]
[White "Orgler, Philipp"]
[Black "Wheeler, James M"]
[Result "1/2-1/2"]
[WhiteElo "2035"]
[BlackElo "1870"]
[PlyCount "109"]
[EventDate "2019.07.29"]
[EventType "swiss"]
[EventRounds "7"]
[EventCountry "GBR"]

1. b3 e5 2. Bb2 Nc6 3. e3 Nf6 4. c4 Be7 5. d4 d6 6. Nf3 exd4 7. exd4 a5 8. a3
Bf5 9. Bd3 Qd7 10. d5 Nb8 11. O-O Bxd3 12. Qxd3 h6 13. Nbd2 O-O 14. b4 Na6 15.
Qc3 c6 16. dxc6 bxc6 17. Rfe1 Rfe8 18. Rad1 axb4 19. axb4 Bf8 20. Rxe8 Rxe8 21.
Qa3 Qb7 22. Bxf6 gxf6 23. Rb1 d5 24. cxd5 cxd5 25. Qc3 Nxb4 26. Qxf6 Qc6 27.
Qh4 Qd6 28. Qg4+ Kh8 29. h3 Nc6 30. Qh5 Nd8 31. Rb5 d4 32. Rd5 Qg6 33. Qxg6
fxg6 34. Nxd4 Bg7 35. N2f3 Ne6 36. Nxe6 Rxe6 37. Rd8+ Kh7 38. Rd7 Kg8 39. g3
Kf8 40. Kg2 Bf6 41. Rb7 Re7 42. Rxe7 Kxe7 43. Nd2 Ke6 44. Kf3 Bd4 45. Ne4 Bb6
46. Nc3 Ke5 47. Ne2 g5 48. Nc1 h5 49. g4 hxg4+ 50. Kxg4 Kf6 51. Nd3 Bd4 52. f3
Kg6 53. Nb4 Be3 54. Nc6 Kf6 55. h4 1/2-1/2

[Event "GBR-ch106 Senior Over 50"]
[Site "Torquay"]
[Date "2019.07.29"]
[Round "1.16"]
[White "Shaw, Meyrick"]
[Black "Lowe, Chris"]
[Result "1/2-1/2"]
[WhiteElo "1869"]
[BlackElo "2027"]
[PlyCount "57"]
[EventDate "2019.07.29"]
[EventType "swiss"]
[EventRounds "7"]
[EventCountry "GBR"]

1. d4 Nf6 2. Bf4 g6 3. e3 Bg7 4. Bd3 d6 5. c3 O-O 6. Nd2 e5 7. Bg5 h6 8. Bh4
Qe8 9. Bxf6 Bxf6 10. Qf3 Bg7 11. Ne2 f5 12. dxe5 dxe5 13. e4 Kh8 14. Ng3 f4 15.
Ne2 g5 16. h3 Be6 17. Nc1 Nd7 18. Ncb3 a5 19. Bc4 a4 20. Nc1 Nc5 21. Nd3 Nxd3+
22. Qxd3 Rd8 23. Qe2 c6 24. Bxe6 Qxe6 25. Qg4 Qg6 26. h4 Bf6 27. hxg5 Bxg5 28.
Nf3 Kg7 29. Nxg5 1/2-1/2

[Event "GBR-ch106 Senior Over 50"]
[Site "Torquay"]
[Date "2019.07.29"]
[Round "1.17"]
[White "Homer, Stephen J"]
[Black "Kenning, Paul H"]
[Result "1-0"]
[WhiteElo "2017"]
[BlackElo "1867"]
[PlyCount "50"]
[EventDate "2019.07.29"]
[EventType "swiss"]
[EventRounds "7"]
[EventCountry "GBR"]

1. e4 d6 2. Nc3 Nf6 3. f4 d5 4. e5 d4 5. Nce2 Nd5 6. c4 dxc3 7. bxc3 e6 8. Nf3
c5 9. d3 Bd7 10. c4 Nb4 11. Nc3 Bc6 12. Ng5 Be7 13. Nge4 Bh4+ 14. g3 Be7 15. a3
N4a6 16. Bb2 O-O 17. Rg1 Qd4 18. Rg2 Qd7 19. Qh5 Nc7 20. g4 Ne8 21. g5 g6 22.
Qh3 Ng7 23. Rg4 Nf5 24. O-O-O Rd8 25. Nd6 Qxd6 1-0

[Event "GBR-ch106 Senior Over 50"]
[Site "Torquay"]
[Date "2019.07.29"]
[Round "1.18"]
[White "Gibbs, Daniel C"]
[Black "Smith, Graham"]
[Result "1/2-1/2"]
[WhiteElo "1812"]
[BlackElo "2010"]
[PlyCount "35"]
[EventDate "2019.07.29"]
[EventType "swiss"]
[EventRounds "7"]
[EventCountry "GBR"]

1. c4 Nc6 2. Nc3 e5 3. Nf3 Nf6 4. e3 Bb4 5. Qc2 O-O 6. Nd5 h6 7. Qf5 d6 8.
Nxf6+ Qxf6 9. Qxf6 gxf6 10. a3 Ba5 11. b4 Bb6 12. Bb2 a5 13. b5 Ne7 14. d4 c5
15. bxc6 Nxc6 16. c5 Bc7 17. Bb5 Bg4 18. Bxc6 1/2-1/2

[Event "GBR-ch106 Senior Over 50"]
[Site "Torquay"]
[Date "2019.07.29"]
[Round "1.19"]
[White "Freeman, Richard CP"]
[Black "Clancy, Martin J"]
[Result "1/2-1/2"]
[WhiteElo "2005"]
[BlackElo "1802"]
[PlyCount "42"]
[EventDate "2019.07.29"]
[EventType "swiss"]
[EventRounds "7"]
[EventCountry "GBR"]

1. d4 Nf6 2. Bg5 e6 3. Nd2 h6 4. Bh4 d5 5. e3 c5 6. c3 cxd4 7. exd4 Be7 8. Bd3
Nc6 9. Ngf3 O-O 10. O-O Nh5 11. Bxe7 Qxe7 12. g3 Bd7 13. Ne5 Nxe5 14. dxe5 g6
15. Nf3 f5 16. Nh4 Nf4 17. gxf4 Qxh4 18. Qf3 Rf7 19. Qg3 Qe7 20. f3 Rd8 21. Kf2
Bb5 1/2-1/2

[Event "GBR-ch106 Senior Over 50"]
[Site "Torquay"]
[Date "2019.07.29"]
[Round "1.20"]
[White "Wilson, Edgar"]
[Black "Wells, Jonathan C"]
[Result "1-0"]
[WhiteElo "1755"]
[BlackElo "2004"]
[PlyCount "57"]
[EventDate "2019.07.29"]
[EventType "swiss"]
[EventRounds "7"]
[EventCountry "GBR"]

1. e4 c5 2. Nf3 e6 3. d4 cxd4 4. Nxd4 Nf6 5. Nc3 d6 6. Be2 Nc6 7. Be3 Be7 8.
O-O O-O 9. f4 Qc7 10. Kh1 a6 11. Qe1 Nxd4 12. Bxd4 e5 13. Be3 exf4 14. Bxf4 Be6
15. Rd1 Nd7 16. Qg3 Ne5 17. Rd2 Rfd8 18. Nd5 Bxd5 19. exd5 b5 20. Bd3 g6 21. h4
Nxd3 22. Rxd3 Qxc2 23. Rd2 Qc4 24. Qf3 Bxh4 25. Be3 f5 26. Rd4 Qxa2 27. Rxh4
Qxb2 28. Bd4 Qc2 29. Rxh7 1-0

[Event "GBR-ch106 Senior Over 50"]
[Site "Torquay"]
[Date "2019.07.29"]
[Round "1.21"]
[White "Dilleigh, Stephen P"]
[Black "McCarron, Peter DJ"]
[Result "1/2-1/2"]
[WhiteElo "2000"]
[BlackElo "1720"]
[PlyCount "81"]
[EventDate "2019.07.29"]
[EventType "swiss"]
[EventRounds "7"]
[EventCountry "GBR"]

1. Nf3 c6 2. c4 f5 3. d4 Nf6 4. g3 e6 5. Bg2 d5 6. Nbd2 Bd6 7. O-O O-O 8. Qc2
g6 9. Ne1 Nbd7 10. Nd3 Qe7 11. Nf3 Ne4 12. Bf4 b6 13. Bxd6 Qxd6 14. Rac1 Bb7
15. Rfd1 Rac8 16. b4 Ba6 17. c5 bxc5 18. bxc5 Qc7 19. e3 Bxd3 20. Rxd3 Rb8 21.
Rb1 Rxb1+ 22. Qxb1 Rb8 23. Rb3 Rxb3 24. Qxb3 Kf7 25. Bf1 Ke7 26. Bd3 h6 27. Kg2
g5 28. Qb4 g4 29. Ng1 Ndf6 30. Ne2 Ng5 31. Nf4 Nfe4 32. Ng6+ Kf6 33. Ne5 Nf7
34. Bxe4 dxe4 35. Nc4 Ke7 36. a4 Kd7 37. a5 Kc8 38. a6 Qb8 39. Qxb8+ Kxb8 40.
h3 h5 41. h4 1/2-1/2

[Event "GBR-ch106 Senior Over 50"]
[Site "Torquay"]
[Date "2019.07.30"]
[Round "2.1"]
[White "Josse, Mark"]
[Black "Fallowfield, Nicholas"]
[Result "1-0"]
[WhiteElo "2209"]
[BlackElo "1872"]
[PlyCount "91"]
[EventDate "2019.07.29"]
[EventType "swiss"]
[EventRounds "7"]
[EventCountry "GBR"]

1. d4 d5 2. c4 Nc6 3. Nc3 dxc4 4. Nf3 Nf6 5. Bg5 h6 6. Bxf6 exf6 7. e3 Bd6 8.
Bxc4 O-O 9. a3 a6 10. Qc2 f5 11. O-O Bd7 12. b4 Na7 13. Rfe1 Nb5 14. Ne2 Nxa3
15. Rxa3 Bxb4 16. Raa1 Bxe1 17. Rxe1 b5 18. Bd3 g6 19. Qc5 Be6 20. e4 fxe4 21.
Bxe4 Rb8 22. Ne5 Qd6 23. Qxd6 cxd6 24. Nc6 Rb6 25. d5 Bd7 26. Ned4 Re8 27. Kf1
f5 28. Bc2 Rxe1+ 29. Kxe1 Kf7 30. Kd2 Bxc6 31. dxc6 Ke7 32. Bb3 Kd8 33. Bf7 Kc7
34. Be8 Kd8 35. Bxg6 b4 36. Bxf5 b3 37. Kc3 b2 38. Bb1 a5 39. f4 a4 40. f5 Kc7
41. f6 Rb8 42. f7 a3 43. f8=Q Rxf8 44. Ne6+ Kxc6 45. Nxf8 Kd5 46. Ng6 1-0

[Event "GBR-ch106 Senior Over 50"]
[Site "Torquay"]
[Date "2019.07.30"]
[Round "2.2"]
[White "Willmoth, Robert F"]
[Black "Wilson, Edgar"]
[Result "1/2-1/2"]
[WhiteElo "2138"]
[BlackElo "1755"]
[PlyCount "83"]
[EventDate "2019.07.29"]
[EventType "swiss"]
[EventRounds "7"]
[EventCountry "GBR"]

1. d4 d5 2. Nf3 Nf6 3. c4 e6 4. g3 Be7 5. Bg2 O-O 6. O-O b6 7. cxd5 exd5 8. Nc3
Be6 9. Qc2 c5 10. Rd1 Nc6 11. dxc5 bxc5 12. e3 Qc8 13. b3 Rd8 14. Ba3 Nb4 15.
Qe2 Bg4 16. Rac1 a5 17. Qf1 Ne4 18. Bxb4 axb4 19. Nxd5 Rxd5 20. Rxd5 Rxa2 21.
Ne5 Rxf2 22. Qc4 Rxg2+ 23. Kxg2 Bh3+ 24. Kg1 Qf5 25. Rf1 Bxf1 26. Qxf1 Qe6 27.
Qc4 Nf6 28. Rxc5 Bxc5 29. Qxc5 h6 30. Nc4 Ng4 31. Qxb4 Qe4 32. Qc3 Qf5 33. Qb2
Qe4 34. h3 Nxe3 35. Nxe3 Qxe3+ 36. Kh2 h5 37. b4 h4 38. gxh4 Qf4+ 39. Kg2 Qe4+
40. Kf2 Qxh4+ 41. Kg2 Qe4+ 42. Kh2 1/2-1/2